000 00315nam a2200133Ia 4500
005 20251222152046.0
008 251222s9999||||xx |||||||||||||| ||spa||
082 _a610/G98
100 _aGuyton, Arthur C.
245 0 _aTratado de Fisiología Médica
250 _a9na. ed.
264 _bMcGraw-Hill
942 _cLIB
999 _c26240
_d26240